000 00701nam a2200229Ia 4500
005 20250117103544.0
008 008 250103s9999 xx 000 0 eng d
020 _a9781498780407
037 _aTextual
040 _aCSL
_beng
_cCSL
041 _aeng
_2eng
084 _aB2T0bX R3
_qCSL
100 _aHastings, Kevin J
_9418761
245 0 _aFinancial mathematics: From discrete to continuous time
_cHastings, Kevin J
260 _aBoca raton
_bCRC Press/T&F
_c2023
300 _axvii, 411p. ill.
650 _a CAPM theory
_9733846
650 _a Continuous probability models
_9733847
650 _aMathematics
942 _cTEXL
_hB2T0bX R3
999 _c1237718
_d1237718